| 000 | 00740nac a22001811u 4500 | ||
|---|---|---|---|
| 010 | _a2004062820 | ||
| 020 | _a0321184726 (pbk.) | ||
| 082 | 0 | 0 |
_a006.7 _bD2217 |
| 090 |
_c736 _d736 |
||
| 100 | _aDarlington, Keith. | ||
| 245 | 1 | 0 |
_aEffective website development : _btools and techniques / _cKeith Darlington. |
| 260 |
_aHarlow, England ; _aNew York : _bPearson/Addison-Wesley, _c2005. |
||
| 300 |
_axxvi, 476 p. : _bill. (some col.) ; _c24 cm. |
||
| 504 | _aIncludes bibliographical references (p. [436]-437) and index. | ||
| 650 | 0 |
_aWeb sites _xDesign. |
|
| 942 |
_cBB _k006.7D2217 |
||
| 999 |
_c736 _d736 |
||